Esperimenti di felicità provvisoria /

Mao è da poco separato. Casualmente entra in contatto col vicino di casa, Elvis, pubblicitario gay. Fra i due nasce una imprevista amicizia che lentamente si trasforma in un rapporto di intimità. Andando contro le proprie certezze esistenziali, sarà Mao ad accettare la sfida di una relazione per la...

詳細記述

保存先:
書誌詳細
第一著者: Bianchi, Matteo B. (著者)
フォーマット: 図書
言語:イタリア語
出版事項: Milano : Baldini Castoldi Dalai, [2006]
シリーズ:Romanzi e racconti ; 356
タグ: タグ追加
タグなし, このレコードへの初めてのタグを付けませんか!

MARC

LEADER 00000nam a22000007i 4500
001 IT\ICCU\RAV\1414977
003 ItRI
005 20260220000838.0
008 060221s2006 it |||||| ||||| |||||c
015 |2 IT  |a 2007-1021 
020 |a 8884908647 
040 |b ita  |c GP 
041 7 |a ita  |2 ISO-639-2 
082 |a 853.914  |2 21 
100 1 |a Bianchi, Matteo B.  |0 IT\ICCU\CFIV\141484  |4 aut 
245 1 0 |a Esperimenti di felicità provvisoria /  |c Matteo B. Bianchi. 
260 |a Milano :  |b Baldini Castoldi Dalai,  |c [2006] 
300 |a 295 p. ;  |c 22 cm. 
520 |a Mao è da poco separato. Casualmente entra in contatto col vicino di casa, Elvis, pubblicitario gay. Fra i due nasce una imprevista amicizia che lentamente si trasforma in un rapporto di intimità. Andando contro le proprie certezze esistenziali, sarà Mao ad accettare la sfida di una relazione per la prima volta con uomo. Nel contempo il giovane giornalista Marco Cremonesi ha l'occasione di conoscere la sua scrittrice preferita. I due cominciano a frequentarsi fino a un rapporto di intesa sempre maggiore che spingerà Marco, fino ad allora dichiaratamente gay, ad affrontare l'incognita di una relazione eterosessuale. Per entrambe le coppie comincia un periodo di sperimentazione, fatto di momenti di gioiosa intesa e di difficoltà pubbliche. 
830 0 |a Romanzi e racconti ;  |v 356  |0 IT\ICCU\RAV\0187056 
942 |2 ddc  |c BK 
952 |0 0  |1 0  |2 ddc  |4 0  |6 070_853_914000000000000_BIA_ESP  |7 1  |9 901  |a MO  |b MO  |d 2024-03-07  |l 0  |o [070] 853.914 BIA ESP  |p 9076  |r 2024-03-07 00:24:51  |w 2024-03-07  |y BK 
952 |0 0  |1 0  |2 ddc  |4 0  |6 853_920000000000000_BIA  |7 1  |9 1196  |a RM  |b RM  |d 2024-04-10  |l 0  |o 853.92 BIA  |p 748  |r 2024-04-10 16:56:35  |w 2024-04-10  |y BK 
952 |0 0  |1 0  |4 0  |6 DOC_853_920000000000000_BIA  |7 0  |9 17718  |a BO  |b BO  |d 2026-01-15  |i 10849  |l 0  |o DOC 853.92 BIA  |p BO10849  |r 2026-01-15 23:19:43  |w 2026-01-15  |x [Sebina 5] [1 v.]  |y BK  |z 1 v. 
952 |0 0  |1 0  |4 0  |6 DOC_853_920000000000000_BIA  |7 0  |9 17719  |a BO  |b BO  |d 2026-01-15  |i 18587  |l 0  |o DOC 853.92 BIA  |p BO18587  |r 2026-01-15 23:19:43  |w 2026-01-15  |x [Sebina 5] [1 v.]  |y BK  |z 1 v. (2. copia) 
999 |c 1099  |d 1099